Uplatňovanie metód monitorovania spokojnosti zákazníkov v podnikovej praxi

Zamerania na zákazníka patrí medzi osem základných princípov systému manažérstva kvality. Meranie spokojnosti zákazníkov patrí medzi kľúčové merania, ktoré vyžaduje systém manažérstva kvality a a zároveň je aj náplňou marketingu. Monitorovanie spokojnosti zákazníkov. Pojem spokojnosť zákazníka. Meto...

Descrizione completa

Salvato in:
Dettagli Bibliografici
Autore principale: Kučerová, Marta
Natura: Capitolo di libro
Lingua:slovacco
Soggetti:
Tags: Aggiungi Tag
Nessun Tag, puoi essere il primo ad aggiungerne!!

MARC

LEADER 00000naa$a2200000$$$4500
001 0045591
005 20231013084302.1
041 0 |a slo 
044 |a SK 
245 1 0 |a Uplatňovanie metód monitorovania spokojnosti zákazníkov v podnikovej praxi  |c Marta Kučerová 
520 |a Zamerania na zákazníka patrí medzi osem základných princípov systému manažérstva kvality. Meranie spokojnosti zákazníkov patrí medzi kľúčové merania, ktoré vyžaduje systém manažérstva kvality a a zároveň je aj náplňou marketingu. Monitorovanie spokojnosti zákazníkov. Pojem spokojnosť zákazníka. Metodika merania spokojnosti zákazníka. Monitorovanie spokojnosti zákazníkov a výsledky prieskumu, ktorý sa uskutočnil v 151 slovenských organizáciách. 
610 2 0 |a spokojnosť zákazníkov 
610 2 0 |a meranie 
610 2 0 |a prieskum spotrebiteľský 
610 2 0 |a metodika 
100 1 |a Kučerová, Marta